000 00652cab a2200217 4500
001 W2905-82
008 090401t1993 xxu||||| |||| 00| 0 eng d
035 _a(Sirsi) u57867
041 _aeng
245 _aGovernor`s thoughts on property
260 _c1993
350 _a0
490 _aMoney Management
_vFebruary 1993, 3(1)
520 _aPoints from the speech of the Governor of the Bank of England to the British Property Federation on 20 January 1993.
650 _aHOUSING MARKET
650 _aMORTGAGE LENDERS
650 _aNEGATIVE EQUITY
690 _aPROPERTY-PROPERTY FINANCE AND INVESTMENT
942 _n0
948 _c04/03/1997
999 _c35325
_d35325